000 00491cam a2200181ua 4500
020 _a0-07-557239-7
_c9.95
041 _aeng
_h
082 _a519.5
_bWAM/TH
100 _aWampold, Bruce E.
245 _aTheory and application of statistics /
_cBruce E Wampold.
_hTextual Documents
250 _a1 /
_b.
260 _aNew York :
_bMcGraw Hill Book Company ,
_c1990.
300 _a511 ; .
365 _a9.95
700 1 _aDrew, Clifford J .
942 _cBK
999 _c10025
_d10025